| 000 | 00539cam a2200205ua 4500 | ||
|---|---|---|---|
| 001 | 2084 | ||
| 005 | 20260515113438.0 | ||
| 008 | 110804n ii |||gr||||Z||||||asm | ||
| 040 | _cMAIN | ||
| 082 | _a370.1 | ||
| 100 |
_aHazarika, Ghana, _eAuthor. |
||
| 245 | 1 |
_aShiksha shiksha tattva _cby Ghana Hazarika |
|
| 260 |
_aDibrugarh: _bBanalata,990. _aGuahati: |
||
| 300 |
_a104p: _c23cm. |
||
| 653 | _aEducation | ||
| 653 | _aShiksha shiksha tattva | ||
| 700 |
_aSharma, Tarun, _eAuthor. |
||
| 700 |
_aThakur, Sabita, _eAuthor. |
||
| 942 | _cBK | ||
| 999 |
_c1951 _d1951 |
||